Process systems analysis and control (Record no. 13575)

000 -LEADER
fixed length control field 00578nam a22002051 4500
001 - CONTROL NUMBER
control field 13575
003 - CONTROL NUMBER IDENTIFIER
control field BD-DhUET
008 - FIXED-LENGTH DATA ELEMENTS--GENERAL INFORMATION
fixed length control field 730306s1965 nyua b 000 0 eng
040 ## - CATALOGING SOURCE
Original cataloging agency DLC
Transcribing agency DLC
Modifying agency BD-DhUET
082 ## - DEWEY DECIMAL CLASSIFICATION NUMBER
Classification number 660.284
Item number COU/1965
100 1# - MAIN ENTRY--PERSONAL NAME
Personal name Coughanowr, Donald R.
245 10 - TITLE STATEMENT
Title Process systems analysis and control
250 ## - EDITION STATEMENT
Edition statement 1st ed.
260 ## - PUBLICATION, DISTRIBUTION, ETC. (IMPRINT)
Place of publication, distribution, etc. New York
Name of publisher, distributor, etc. McGraw-Hill
Date of publication, distribution, etc. 1965
300 ## - PHYSICAL DESCRIPTION
Extent xii, 491 p.
Other physical details ill.
Dimensions 21 cm.
490 ## - SERIES STATEMENT
Series statement McGraw-Hill chemical engineering series
650 #0 - SUBJECT ADDED ENTRY--TOPICAL TERM
Topical term or geographic name as entry element Control devices process engineering
700 ## - ADDED ENTRY--PERSONAL NAME
Personal name Koppel, Lowell B.
942 ## - ADDED ENTRY ELEMENTS (KOHA)
Koha item type General Book
Holdings
Price effective from Koha normalized classification for sorting Koha full call number Koha issues (times borrowed) Koha date last borrowed Not for loan Damaged status Location (home branch) Copy number Withdrawn status Koha date last seen Piece designation (barcode) Koha item type Shelving location Sublocation or collection (holding branch) Lost status Source of classification or shelving scheme Date acquired
2015-03-03660_284000000000000_COU_1965660.284/COU/1965    Central Library, BUET1 2015-03-0329699General BookCirculation sectionCentral Library, BUET  2015-03-03
2015-03-03660_284000000000000_COU_1965660.284/COU/196512017-05-09  Central Library, BUET2 2017-05-0929689General BookCirculation sectionCentral Library, BUET  2015-03-03
2015-03-03660_284000000000000_COU_1965660.284/COU/1965    Central Library, BUET3 2015-03-0329697General BookCirculation sectionCentral Library, BUET  2015-03-03
2015-03-03660_284000000000000_COU_1965660.284/COU/1965    Central Library, BUET4 2015-03-0329692General BookCirculation sectionCentral Library, BUET  2015-03-03
2015-03-03660_284000000000000_COU_1965660.284/COU/1965    Central Library, BUET5 2015-03-0329698General BookCirculation sectionCentral Library, BUET  2015-03-03
2015-03-03660_284000000000000_COU_1965660.284/COU/1965    Central Library, BUET6 2015-03-0329690General BookCirculation sectionCentral Library, BUET  2015-03-03
2015-03-03660_284000000000000_COU_1965660.284/COU/1965    Central Library, BUET7 2015-03-0329688General BookCataloging to CirculationCentral Library, BUET  2015-03-03
2015-03-04660_284000000000000_COU_1965660.284/COU/1965    Central Library, BUET8 2015-03-0434519General BookCirculation sectionCentral Library, BUET  2015-03-04
2015-05-11660_284000000000000_COU_1965660.284/COU/1965    Central Library, BUET9 2015-05-1129694General BookCirculation sectionCentral Library, BUET  2015-05-11
2015-05-11660_284000000000000_COU_1965660.284/COU/1965    Central Library, BUET10 2015-05-1129696General BookCirculation sectionCentral Library, BUET  2015-05-11
2015-05-13660_284000000000000_COU_1965660.284/COU/1965    Central Library, BUET11 2015-05-1329695General BookCirculation sectionCentral Library, BUET  2015-05-13
2015-05-14660_284000000000000_COU_1965660.284/COU/1965    Central Library, BUET12 2015-05-1417869General BookCirculation sectionCentral Library, BUET  2015-05-14
2015-05-18660_284000000000000_COU_1965660.284/COU/1965    Central Library, BUET13 2015-05-1815822General BookCirculation sectionCentral Library, BUET  2015-05-18
2015-06-20660_284000000000000_COU_1965660.284/COU/1965    Central Library, BUET14 2015-06-2029700General BookReading sectionCentral Library, BUET  2015-06-20
2015-06-20660_284000000000000_COU_1965660.284/COU/1965    Central Library, BUET15 2015-06-2029701General BookReading sectionCentral Library, BUET  2015-06-20
2015-07-10660_284000000000000_COU_1965660.284/COU/1965    Central Library, BUET16 2015-07-1016716General BookCirculation sectionCentral Library, BUET  2015-07-10